00624nam a22001937a 450000500170000001000150001702000260003203500130005803700130007108200100008424501050009426000440019927000680024330000240031150000400033570000230037570000170039870000150041520151207101022.0 aENG-114261 a9789381615621c900.00 aEN-97793 bDBAD/PUB a332.1 aMicro finance and public sector banks /cedited by Vindeshwari Prasad, Sanjay Kumar [and] Ajay Kumar aNew DelhibPragatisheel Prakashanc2015 aN-3/25, 1st Floor, Mohan Garden, Uttam NagarbNew Delhie110059 axii,380p.c22cm(Hb) aIncludes bibliographical references aVindeshwari Prasad aSanjay Kumar aAjay Kumar